{"text_format":"3","workbook":"xlsx","n_sheets":2,"sheets":["Informações","Planilha Orçamentária"],"not_rendered":{"images":1,"defined_names":1},"read":"whole","date_system":"1900"}

{"sheet":"Informações","index":0,"n_rows":15,"n_cols":3,"rows_kept":15,"merged":[[0,0,0,1],[12,0,13,0]]}
["Informações sobre a contratação do poço"]
["Objeto","Contratação de Empresa Especializada em perfuração de poço tubular profundo, incluindo-se materiais, equipamentos e licenciamentos necessários para pleno funcionamento do poço na sede da Assembleia Legislativa do Estado de Rondônia"]
["Situação atual","Em andamento"]
["Data de início","2025-05-15"]
["Data de conclusão","2025-04-15"]
["Empresa Contratada","HIDRO CAMPOS POÇOS ARTESIANOS LTDA - EPP"]
["Percentual Concluído",{"v":1,"d":"100.00%"}]
["Preço Inicial",{"v":93000,"d":"R$ 93,000.00"}]
["Aditivo",{"v":7612.04,"d":"R$ 7,612.04"}]
["Preço total",{"$f":"B8+B9","v":{"v":100612.04,"d":"R$ 100,612.04"}}]
["Quantitativos executados",{"$f":"B8+B9","v":{"v":100612.04,"d":"R$ 100,612.04"}}]
["Preços pagos",{"$f":"B8+B9","v":{"v":100612.04,"d":"R$ 100,612.04"}}]
["Fiscais","Jefferson Willian Batista da Silva","Obs: Caso precise indicar um responsável, pode colocar o Jefferson, porque ele tem a ART de fiscalização dessa obra"]
[null,"Francisco Willyk da Silva Monteiro"]
["Gestor","Ítalo Ferreira Pimentel"]

{"sheet":"Planilha Orçamentária","index":1,"n_rows":120,"n_cols":15,"rows_kept":120,"merged":[[0,0,0,14],[1,0,1,14],[2,0,2,3],[2,4,2,9],[2,10,2,14],[3,0,3,3],[3,4,3,9],[3,10,3,14],[4,0,4,3],[4,4,4,9],[4,10,4,14],[5,0,5,3],[5,4,5,9],[5,10,5,14],[6,0,6,3],[6,4,6,9],[6,10,6,14],[7,0,7,3],[7,4,7,9],[7,10,7,11],[7,12,7,14],[8,0,8,14],[9,0,10,12],[9,13,9,14],[10,13,12,13],[10,14,12,14],[11,0,12,0],[11,1,12,1],[11,2,12,2],[11,3,12,3],[11,4,12,4],[11,5,12,5],[11,6,12,6],[11,7,12,7],[11,8,12,8],[11,9,11,10],[11,11,11,12],[101,0,101,1],[104,0,104,1],[106,0,106,1],[112,0,112,1],[116,0,116,1],[119,0,119,5],[119,6,119,8],[119,13,119,14]]}
["ASSEMBLEIA LEGISLATIVA DE RONDÔNIA - ALE/RO"]
["Secretaria Especial de Engenharia e Arquitetura"]
["Local: Porto Velho - RO",{"$nulls":3},"Bancos",{"$nulls":5},"Encargos Sociais"]
["Obra: Perfuração de Poço Tubular Profundo no Edifício sede da ALE/RO",{"$nulls":3},"SINAPI - 12/2024 - Rondônia",{"$nulls":5},"Não Desonerado: "]
["Endereço: Av. Faquar nº 2562 - Bairro Olaria - CEP 76.801-189",{"$nulls":3},"SBC - 01/2025 - Rondônia",{"$nulls":5},"Horista: 115,96%"]
["Contratante: Assembleia Legislativa do Estado de Rondônia - ALE/RO",{"$nulls":3},"ORSE - 11/2024 - Sergipe",{"$nulls":5},"Mensalista: 71,39%"]
["Contratada: HIDRO CAMPOS POÇOS ARTESIANOS LTDA - EPP",{"$nulls":3},"SEINFRA - 028 - Ceará",{"$nulls":5},"BDI: 22,88%"]
["Fiscal do Contrato: Jefferson Willian Batista da Silva / Francisco Willyk da Silva Monteiro",{"$nulls":3},"Data base: Dez/2024",{"$nulls":5},"Executado (%):",null,{"$f":"N120/M120","v":{"v":1,"d":"100.00%"}}]
["BOLETIM DE MEDIÇÃO - CONTRATO Nº 006/2025/ALERO - EMPENHO 2025NE000755"]
["BOLETIM DE MEDIÇÃO",{"$nulls":12},"EXECUTADO"]
[{"$nulls":13},"QTD.","VL TOTAL (R$)"]
["CÓDIGO","BANCO"," ITEM","DISCRIMINAÇÃO","QTD."," UNID.","VALOR UNIT. (R$)","VALOR UNIT. C/ BDI (R$)","VALOR TOTAL CONTRATADO (R$)","1º ADITIVO",null,"VALOR CONSOLIDADO"]
[{"$nulls":9},"QTD.","VALOR TOTAL (R$)","QTD.","VALOR TOTAL (R$)"]
[null,null,1,"SERVIÇOS PRELIMINARES"]
[103689,"SINAPI","1.1","FORNECIMENTO E INSTALAÇÃO DE PLACA DE OBRA COM CHAPA GALVANIZADA E ESTRUTURA DE MADEIRA. AF_03/2022_PS",{"v":4,"d":"4.00"},"M²",463.13,569.09,{"$f":"E15*H15","v":{"v":2276.36,"d":"2,276.36"}},null,null,{"$f":"E15","v":{"v":4,"d":"4.00"}},{"$f":"I15","v":{"v":2276.36,"d":"R$ 2,276.36"}},{"v":4,"d":"4.00"},{"v":2276.36,"d":"R$ 2,276.36"}]
[" CP003","Próprio","1.2","Taxas e Emolumentos",{"v":1,"d":"1.00"},"UN",271.47,333.58,{"$f":"E16*H16","v":333.58},null,null,{"$f":"E16","v":{"v":1,"d":"1.00"}},{"$f":"I16","v":{"v":333.58,"d":"R$ 333.58"}},{"v":1,"d":"1.00"},{"v":333.58,"d":"R$ 333.58"}]
[null,null,2,"ADMINISTRAÇÃO LOCAL"]
[null,null,3,"CAPTAÇÃO"]
[null,null,"3.1","PERFURAÇÃO DE POÇO TUBULAR PROFUNDO"]
["PRQ3","Próprio","3.1.1","CAIXA PARA PROTEÇÃO DE MACRO MEDIDORES EM ALVENARIA, DIM. INT. = 0,70 x 1,00 x 0,50 M - Ref. ORSE (5965)",{"v":1,"d":"1.00"},"UN",668.83,821.85,{"$f":"E20*H20","v":821.85},null,null,{"$f":"E20","v":{"v":1,"d":"1.00"}},{"$f":"I20","v":{"v":821.85,"d":"R$ 821.85"}},{"v":1,"d":"1.00"},{"v":821.85,"d":"R$ 821.85"}]
[null,"COTAÇÃO","3.1.2","PERFURAÇÃO DE POÇO TUBULAR PROFUNDO COM PROFUNDIDADE PREVISTA MÍNIMA DE 120M E MÁXIMA DE 140M, DIÂMETRO DE PERFURAÇÃO DE 10”, REVESTIMENTO DE DN 6”, COM FORNECIMENTO E INSTALAÇÃO DE BOMBA",{"v":1,"d":"1.00"},"UN",{"v":389.56143,"d":"389.56"},{"v":389.56143,"d":"389.56"},{"$f":"H21*140","v":{"v":54538.60019999999,"d":"54,538.60"}},{"v":16,"d":"16.00"},{"$f":"J21*H21","v":{"v":6232.98288,"d":"R$ 6,232.98"}},{"v":1,"d":"1.00"},{"$f":"K21+I21","v":{"v":60771.58308,"d":"R$ 60,771.58"}},{"v":1,"d":"1.00"},{"v":60771.58308,"d":"R$ 60,771.58"}]
[null,null,"3.2","FORNECIMENTO E ASSENTAMENTO DE EQUIPAMENTOS E MATERIAIS"]
[" CP024","Próprio","3.2.1","Aquisição e assentamento de macromedidor, diam. =   50mm - Ref. ORSE (6058)",{"v":1,"d":"1.00"},"UN",{"v":1947.66,"d":"1,947.66"},{"v":2393.28,"d":"2,393.28"},{"$f":"E23*H23","v":{"v":2393.28,"d":"2,393.28"}},null,null,{"$f":"E23","v":{"v":1,"d":"1.00"}},{"$f":"I23","v":{"v":2393.28,"d":"R$ 2,393.28"}},{"v":1,"d":"1.00"},{"v":2393.28,"d":"R$ 2,393.28"}]
[" CP025 ","Próprio","3.2.2","Aquisição e instalação de filtro para poço tubular profundo",{"v":1,"d":"1.00"},"UN",{"v":2734.29,"d":"2,734.29"},{"v":3359.89,"d":"3,359.89"},{"$f":"E24*H24","v":{"v":3359.89,"d":"3,359.89"}},null,null,{"$f":"E24","v":{"v":1,"d":"1.00"}},{"$f":"I24","v":{"v":3359.89,"d":"R$ 3,359.89"}},{"v":1,"d":"1.00"},{"v":3359.89,"d":"R$ 3,359.89"}]
[null,null,"3.3","AQUISIÇÃO E ASSENTAMENTO DE TUBOS E CONEXÕES PARA BARRILETE RECALQUE EM FERRO GALVANIZADO"]
[" 92345 ","SINAPI","3.3.1","LUVA, EM FERRO GALVANIZADO, DN 50 (2\"), CONEXÃO ROSQUEADA, INSTALADO EM PRUMADAS - FORNECIMENTO E INSTALAÇÃO. AF_10/2020",{"v":1,"d":"1.00"},"UN",64.53,79.29,{"$f":"E26*H26","v":79.29},null,null,{"$f":"E26","v":{"v":1,"d":"1.00"}},{"$f":"I26","v":{"v":79.29,"d":"R$ 79.29"}},{"v":1,"d":"1.00"},{"v":79.29,"d":"R$ 79.29"}]
[" 92692 ","SINAPI","3.3.2","NIPLE, EM FERRO GALVANIZADO, CONEXÃO ROSQUEADA, DN 15 (1/2\"), INSTALADO EM RAMAIS E SUB-RAMAIS DE GÁS - FORNECIMENTO E INSTALAÇÃO. AF_10/2020",{"v":5,"d":"5.00"},"UN",14.21,17.46,{"v":87.30000000000001,"d":"87.30"},null,null,{"$f":"E27","v":{"v":5,"d":"5.00"}},{"$f":"I27","v":{"v":87.30000000000001,"d":"R$ 87.30"}},{"v":5,"d":"5.00"},{"v":87.30000000000001,"d":"R$ 87.30"}]
[" 92344 ","SINAPI","3.3.3","NIPLE, EM FERRO GALVANIZADO, DN 50 (2\"), CONEXÃO ROSQUEADA, INSTALADO EM PRUMADAS - FORNECIMENTO E INSTALAÇÃO. AF_10/2020",{"v":6,"d":"6.00"},"UN",64.55,79.31,475.86,{"v":1,"d":"1.00"},{"$f":"J28*H28","v":{"v":79.31,"d":"R$ 79.31"}},{"$f":"E28+J28","v":{"v":7,"d":"7.00"}},{"$f":"I28+K28","v":{"v":555.1700000000001,"d":"R$ 555.17"}},{"v":7,"d":"7.00"},{"v":555.1700000000001,"d":"R$ 555.17"}]
[" 92356 ","SINAPI","3.3.4","TÊ, EM FERRO GALVANIZADO, DN 50 (2\"), CONEXÃO ROSQUEADA, INSTALADO EM PRUMADAS - FORNECIMENTO E INSTALAÇÃO. AF_10/2020",{"v":1,"d":"1.00"},"UN",125.59,154.32,154.32,{"v":2,"d":"2.00"},{"$f":"J29*H29","v":{"v":308.64,"d":"R$ 308.64"}},{"v":3,"d":"3.00"},{"$f":"I29+K29","v":{"v":462.96,"d":"R$ 462.96"}},{"v":3,"d":"3.00"},{"v":462.96,"d":"R$ 462.96"}]
[" 92341 ","SINAPI","3.3.5","TUBO DE AÇO GALVANIZADO COM COSTURA, CLASSE MÉDIA, DN 50 (2\"), CONEXÃO ROSQUEADA, INSTALADO EM PRUMADAS - FORNECIMENTO E INSTALAÇÃO. AF_10/2020",{"v":13,"d":"13.00"},"M",120.39,147.93,{"v":1923.0900000000001,"d":"1,923.09"},{"v":1,"d":"1.00"},{"v":147.93,"d":"R$ 147.93"},{"v":14,"d":"14.00"},{"v":2071.02,"d":"R$ 2,071.02"},{"v":14,"d":"14.00"},{"v":2071.02,"d":"R$ 2,071.02"}]
[" 92889 ","SINAPI","3.3.6","UNIÃO, EM FERRO GALVANIZADO, DN 50 (2\"), CONEXÃO ROSQUEADA, INSTALADO EM PRUMADAS - FORNECIMENTO E INSTALAÇÃO. AF_10/2020",{"v":4,"d":"4.00"},"UN",119.55,{"v":146.9,"d":"146.90"},{"v":587.6,"d":"587.60"},{"v":1,"d":"1.00"},{"v":146.9,"d":"R$ 146.90"},{"v":5,"d":"5.00"},{"v":734.5,"d":"R$ 734.50"},{"v":5,"d":"5.00"},{"v":734.5,"d":"R$ 734.50"}]
[" 052045 ","SBC","3.3.7","CURVA 90 GALVANIZADA 2\"\"",{"v":7,"d":"7.00"},"UN",{"v":222.2,"d":"222.20"},273.03,{"v":1911.2099999999998,"d":"1,911.21"},{"v":2,"d":"2.00"},{"v":546.06,"d":"R$ 546.06"},{"v":9,"d":"9.00"},{"v":2457.2699999999995,"d":"R$ 2,457.27"},{"v":9,"d":"9.00"},{"v":2457.2699999999995,"d":"R$ 2,457.27"}]
[" 94498 ","SINAPI","3.3.8","REGISTRO DE GAVETA BRUTO, LATÃO, ROSCÁVEL, 2\" - FORNECIMENTO E INSTALAÇÃO. AF_08/2021",{"v":2,"d":"2.00"},"UN",123.88,152.22,304.44,{"v":1,"d":"1.00"},{"v":152.22,"d":"R$ 152.22"},{"v":3,"d":"3.00"},{"v":456.65999999999997,"d":"R$ 456.66"},{"v":3,"d":"3.00"},{"v":456.65999999999997,"d":"R$ 456.66"}]
[" 92699 ","SINAPI","3.3.9","JOELHO 90 GRAUS, EM FERRO GALVANIZADO, CONEXÃO ROSQUEADA, DN 15 (1/2\"), INSTALADO EM RAMAIS E SUB-RAMAIS DE GÁS - FORNECIMENTO E INSTALAÇÃO. AF_10/2020",{"v":2,"d":"2.00"},"UN",19.95,24.51,49.02,null,null,{"$f":"E34","v":{"v":2,"d":"2.00"}},{"$f":"I34","v":{"v":49.02,"d":"R$ 49.02"}},{"v":2,"d":"2.00"},{"v":49.02,"d":"R$ 49.02"}]
[" 92693 ","SINAPI","3.3.10","LUVA, EM FERRO GALVANIZADO, CONEXÃO ROSQUEADA, DN 15 (1/2\"), INSTALADO EM RAMAIS E SUB-RAMAIS DE GÁS - FORNECIMENTO E INSTALAÇÃO. AF_10/2020",{"v":2,"d":"2.00"},"UN",14.55,17.87,35.74,null,null,{"v":2,"d":"2.00"},{"$f":"I35","v":{"v":35.74,"d":"R$ 35.74"}},{"v":2,"d":"2.00"},{"v":35.74,"d":"R$ 35.74"}]
[" 055040 ","SBC","3.3.11","TUBO FERRO GALVANIZADO 1/2\"\"",{"v":1,"d":"1.00"},"M",{"v":31.7,"d":"31.70"},38.95,38.95,null,null,{"v":1,"d":"1.00"},{"v":38.95,"d":"R$ 38.95"},{"v":1,"d":"1.00"},{"v":38.95,"d":"R$ 38.95"}]
[" 053434 ","SBC","3.3.12","TAMPAO/CAP EM FERRO GALVANIZADO COM ROSCA 2\"\"",{"v":1,"d":"1.00"},"UN",87.23,107.18,107.18,null,null,{"v":1,"d":"1.00"},{"v":107.18,"d":"R$ 107.18"},{"v":1,"d":"1.00"},{"v":107.18,"d":"R$ 107.18"}]
[" CP026 ","Próprio","3.3.13","Aquisição e Assentamento de Tê de redução FoGo Ø 2\" x 1/2\" - Ref. CAERN (1140048)",{"v":3,"d":"3.00"},"UN",110.86,136.22,{"v":408.65999999999997,"d":"408.66"},null,null,{"v":3,"d":"3.00"},{"v":408.65999999999997,"d":"R$ 408.66"},{"v":3,"d":"3.00"},{"v":408.65999999999997,"d":"R$ 408.66"}]
[" 101917 ","SINAPI","3.3.14","MANÔMETRO 0 A 200 PSI (0 A 14 KGF/CM2), D = 50MM - FORNECIMENTO E INSTALAÇÃO. AF_10/2020",{"v":1,"d":"1.00"},"UN",168.51,207.06,207.06,null,null,{"v":1,"d":"1.00"},{"v":207.06,"d":"R$ 207.06"},{"v":1,"d":"1.00"},{"v":207.06,"d":"R$ 207.06"}]
[" CP027 ","Próprio","3.3.15","FORNECIMENTO, MONTAGEM E INSTALAÇÃO DE CLORADOR DN 50 - Ref. CAEMA (192001)",{"v":1,"d":"1.00"},"UN",907.04,{"v":1114.57,"d":"1,114.57"},{"v":1114.57,"d":"1,114.57"},null,null,{"v":1,"d":"1.00"},{"v":1114.57,"d":"R$ 1,114.57"},{"v":1,"d":"1.00"},{"v":1114.57,"d":"R$ 1,114.57"}]
[" CP028 ","Próprio","3.3.16","ABERTURA E FECHAMENTO MANUAL DE RASGO EM CONCRETO,PARA PASSA GEM DE TUBOS E DUTOS,COM DIAMETRO DE 1.1/4\" A 2\" - Ref. EMOP (15.045.0116-A)",{"v":0.5,"d":"0.50"},"M",140.55,{"v":172.7,"d":"172.70"},86.35,null,null,{"v":0.5,"d":"0.50"},{"v":86.35,"d":"R$ 86.35"},{"v":0.5,"d":"0.50"},{"v":86.35,"d":"R$ 86.35"}]
[" 89349 ","SINAPI","3.3.17","REGISTRO DE PRESSÃO BRUTO, LATÃO, ROSCÁVEL, 1/2\" - FORNECIMENTO E INSTALAÇÃO. AF_08/2021",{"v":4,"d":"4.00"},"UN",22.66,27.84,111.36,null,null,{"v":4,"d":"4.00"},{"v":111.36,"d":"R$ 111.36"},{"v":4,"d":"4.00"},{"v":111.36,"d":"R$ 111.36"}]
[null,null,"3.4","MOVIMENTAÇÃO DE SOLO"]
[null,null,"3.4.1","MOVIMENTO DE TERRA"]
[" 172030 ","SINAPI","3.4.1.1","REATERRO MANUAL COM MATERIAL DA PROPRIA OBRA",{"v":1.2401828,"d":"1.24"},"M²",33.42,41.06,{"$f":"E45*H45","v":{"v":50.921905768,"d":"50.92"}},null,null,{"$f":"E45","v":{"v":1.2401828,"d":"1.24"}},{"$f":"I45","v":{"v":50.921905768,"d":"R$ 50.92"}},{"v":1.2401828,"d":"1.24"},{"v":50.921905768,"d":"R$ 50.92"}]
[" 93358 ","SINAPI","3.4.1.2","ESCAVAÇÃO MANUAL DE VALA COM PROFUNDIDADE MENOR OU IGUAL A 1,30 M. AF_02/2021",2.02,"M²",98.69,121.27,{"$f":"(E46*H46)-0.01","v":{"v":244.9554,"d":"244.96"}},null,null,{"$f":"E46","v":2.02},{"v":244.9554,"d":"R$ 244.96"},2.02,{"v":244.9554,"d":"R$ 244.96"}]
[null,null,"3.5","INSTALAÇÕES ELÉTRICAS"]
[" 93660 ","SINAPI","3.5.1","DISJUNTOR BIPOLAR TIPO DIN, CORRENTE NOMINAL DE 10A - FORNECIMENTO E INSTALAÇÃO. AF_10/2020",{"v":1,"d":"1.00"},"UN",50.21,61.69,{"$f":"E48*H48","v":61.69},null,null,{"$f":"E48","v":{"v":1,"d":"1.00"}},{"$f":"I48","v":{"v":61.69,"d":"R$ 61.69"}},{"v":1,"d":"1.00"},{"v":61.69,"d":"R$ 61.69"}]
[" 101901 ","SINAPI","3.5.2","CONTATOR TRIPOLAR I NOMINAL 12A - FORNECIMENTO E INSTALAÇÃO. AF_10/2020",{"v":1,"d":"1.00"},"UN",165.06,202.82,202.82,null,null,{"v":1,"d":"1.00"},{"v":202.82,"d":"R$ 202.82"},{"v":1,"d":"1.00"},{"v":202.82,"d":"R$ 202.82"}]
[" 8007 ","ORSE","3.5.3","Terminal de compressão para cabo de   4 mm2 - fornecimento e instalação",{"v":27,"d":"27.00"},"UN",2.18,2.67,72.09,null,null,{"v":27,"d":"27.00"},{"v":72.09,"d":"R$ 72.09"},{"v":27,"d":"27.00"},{"v":72.09,"d":"R$ 72.09"}]
[" CP029 ","Próprio","3.5.4","Sinaleiro 22mm com lâmpada vermelha, 220vca, led integrado ao corpo, modelo L2-DR1-R, da Metaltex ou similar (luz de topo) - Ref. ORSE (11436)",{"v":3,"d":"3.00"},"UN",35.67,43.83,131.49,null,null,{"v":3,"d":"3.00"},{"v":131.49,"d":"R$ 131.49"},{"v":3,"d":"3.00"},{"v":131.49,"d":"R$ 131.49"}]
[" 8005 ","ORSE","3.5.5","Terminal de compressão para cabo de   1,50 mm2 - fornecimento e instalação",{"v":45,"d":"45.00"},"UN",1.26,1.54,{"v":69.3,"d":"69.30"},null,null,{"v":45,"d":"45.00"},{"v":69.3,"d":"R$ 69.30"},{"v":45,"d":"45.00"},{"v":69.3,"d":"R$ 69.30"}]
[" 102137 ","SINAPI","3.5.6","CHAVE DE BOIA AUTOMÁTICA SUPERIOR/INFERIOR 15A/250V - FORNECIMENTO E INSTALAÇÃO. AF_12/2020",{"v":1,"d":"1.00"},"UN",95.43,117.26,117.26,null,null,{"v":1,"d":"1.00"},{"v":117.26,"d":"R$ 117.26"},{"v":1,"d":"1.00"},{"v":117.26,"d":"R$ 117.26"}]
[" 91871 ","SINAPI","3.5.7","ELETRODUTO RÍGIDO ROSCÁVEL, PVC, DN 25 MM (3/4\"), PARA CIRCUITOS TERMINAIS, INSTALADO EM PAREDE - FORNECIMENTO E INSTALAÇÃO. AF_03/2023",{"v":1.5,"d":"1.50"},"M",15.69,19.27,{"$f":"(E54*H54)-0.01","v":{"v":28.895,"d":"28.90"}},null,null,{"v":1.5,"d":"1.50"},{"v":28.895,"d":"R$ 28.90"},{"v":1.5,"d":"1.50"},{"v":28.895,"d":"R$ 28.90"}]
[" 063591 ","SBC","3.5.8","BLOCO DE CONTATO AUXILIAR (2NA+2NF)",{"v":1,"d":"1.00"},"UN",{"v":76.2,"d":"76.20"},93.63,{"$f":"E55*H55","v":93.63},null,null,{"v":1,"d":"1.00"},{"v":93.63,"d":"R$ 93.63"},{"v":1,"d":"1.00"},{"v":93.63,"d":"R$ 93.63"}]
[" 4180 ","ORSE","3.5.9","Cabo de cobre PP Cordplast 3 x 4.0 mm2, 450/750v - fornecimento",{"v":107,"d":"107.00"},"M",{"v":13.1,"d":"13.10"},16.09,{"v":1721.6299999999999,"d":"1,721.63"},null,null,{"v":107,"d":"107.00"},{"v":1721.6299999999999,"d":"R$ 1,721.63"},{"v":107,"d":"107.00"},{"v":1721.6299999999999,"d":"R$ 1,721.63"}]
[" 91928 ","SINAPI","3.5.10","CABO DE COBRE FLEXÍVEL ISOLADO, 4 MM², ANTI-CHAMA 450/750 V, PARA CIRCUITOS TERMINAIS - FORNECIMENTO E INSTALAÇÃO. AF_03/2023",{"v":15,"d":"15.00"},"M",7.18,8.82,{"v":132.3,"d":"132.30"},null,null,{"v":15,"d":"15.00"},{"v":132.3,"d":"R$ 132.30"},{"v":15,"d":"15.00"},{"v":132.3,"d":"R$ 132.30"}]
[" 91928 ","SINAPI","3.5.11","CABO DE COBRE FLEXÍVEL ISOLADO, 4 MM², ANTI-CHAMA 450/750 V, PARA CIRCUITOS TERMINAIS - FORNECIMENTO E INSTALAÇÃO. AF_03/2023",{"v":15,"d":"15.00"},"M",7.18,8.82,{"v":132.3,"d":"132.30"},null,null,{"v":15,"d":"15.00"},{"v":132.3,"d":"R$ 132.30"},{"v":15,"d":"15.00"},{"v":132.3,"d":"R$ 132.30"}]
[" 91928 ","SINAPI","3.5.12","CABO DE COBRE FLEXÍVEL ISOLADO, 4 MM², ANTI-CHAMA 450/750 V, PARA CIRCUITOS TERMINAIS - FORNECIMENTO E INSTALAÇÃO. AF_03/2023",{"v":15,"d":"15.00"},"M",7.18,8.82,{"v":132.3,"d":"132.30"},null,null,{"v":15,"d":"15.00"},{"v":132.3,"d":"R$ 132.30"},{"v":15,"d":"15.00"},{"v":132.3,"d":"R$ 132.30"}]
[" 91928 ","SINAPI","3.5.13","CABO DE COBRE FLEXÍVEL ISOLADO, 4 MM², ANTI-CHAMA 450/750 V, PARA CIRCUITOS TERMINAIS - FORNECIMENTO E INSTALAÇÃO. AF_03/2023",{"v":15,"d":"15.00"},"M",7.18,8.82,{"v":132.3,"d":"132.30"},null,null,{"v":15,"d":"15.00"},{"v":132.3,"d":"R$ 132.30"},{"v":15,"d":"15.00"},{"v":132.3,"d":"R$ 132.30"}]
[" 91926 ","SINAPI","3.5.14","CABO DE COBRE FLEXÍVEL ISOLADO, 2,5 MM², ANTI-CHAMA 450/750 V, PARA CIRCUITOS TERMINAIS - FORNECIMENTO E INSTALAÇÃO. AF_03/2023",{"v":2,"d":"2.00"},"M",4.64,{"v":5.7,"d":"5.70"},{"v":11.4,"d":"11.40"},null,null,{"v":2,"d":"2.00"},{"v":11.4,"d":"R$ 11.40"},{"v":2,"d":"2.00"},{"v":11.4,"d":"R$ 11.40"}]
[" 91926 ","SINAPI","3.5.15","CABO DE COBRE FLEXÍVEL ISOLADO, 2,5 MM², ANTI-CHAMA 450/750 V, PARA CIRCUITOS TERMINAIS - FORNECIMENTO E INSTALAÇÃO. AF_03/2023",{"v":1.8,"d":"1.80"},"M",4.64,{"v":5.7,"d":"5.70"},10.26,null,null,{"v":1.8,"d":"1.80"},{"v":10.26,"d":"R$ 10.26"},{"v":1.8,"d":"1.80"},{"v":10.26,"d":"R$ 10.26"}]
[" 91926 ","SINAPI","3.5.16","CABO DE COBRE FLEXÍVEL ISOLADO, 2,5 MM², ANTI-CHAMA 450/750 V, PARA CIRCUITOS TERMINAIS - FORNECIMENTO E INSTALAÇÃO. AF_03/2023",{"v":1.8,"d":"1.80"},"M",4.64,{"v":5.7,"d":"5.70"},10.26,null,null,{"v":1.8,"d":"1.80"},{"v":10.26,"d":"R$ 10.26"},{"v":1.8,"d":"1.80"},{"v":10.26,"d":"R$ 10.26"}]
[" 91924 ","SINAPI","3.5.17","CABO DE COBRE FLEXÍVEL ISOLADO, 1,5 MM², ANTI-CHAMA 450/750 V, PARA CIRCUITOS TERMINAIS - FORNECIMENTO E INSTALAÇÃO. AF_03/2023",{"v":107,"d":"107.00"},"M",3.21,3.94,421.58,null,null,{"v":107,"d":"107.00"},{"v":421.58,"d":"R$ 421.58"},{"v":107,"d":"107.00"},{"v":421.58,"d":"R$ 421.58"}]
[" 91924 ","SINAPI","3.5.18","CABO DE COBRE FLEXÍVEL ISOLADO, 1,5 MM², ANTI-CHAMA 450/750 V, PARA CIRCUITOS TERMINAIS - FORNECIMENTO E INSTALAÇÃO. AF_03/2023",{"v":125,"d":"125.00"},"M",3.21,3.94,{"v":492.5,"d":"492.50"},null,null,{"v":125,"d":"125.00"},{"v":492.5,"d":"R$ 492.50"},{"v":125,"d":"125.00"},{"v":492.5,"d":"R$ 492.50"}]
[" 91924 ","SINAPI","3.5.19","CABO DE COBRE FLEXÍVEL ISOLADO, 1,5 MM², ANTI-CHAMA 450/750 V, PARA CIRCUITOS TERMINAIS - FORNECIMENTO E INSTALAÇÃO. AF_03/2023",{"v":91,"d":"91.00"},"M",3.21,3.94,358.54,null,null,{"v":91,"d":"91.00"},{"v":358.54,"d":"R$ 358.54"},{"v":91,"d":"91.00"},{"v":358.54,"d":"R$ 358.54"}]
[" 91924 ","SINAPI","3.5.20","CABO DE COBRE FLEXÍVEL ISOLADO, 1,5 MM², ANTI-CHAMA 450/750 V, PARA CIRCUITOS TERMINAIS - FORNECIMENTO E INSTALAÇÃO. AF_03/2023",{"v":3.7,"d":"3.70"},"M",3.21,3.94,{"$f":"(E67*H67)-0.01","v":{"v":14.568000000000001,"d":"14.57"}},null,null,{"v":3.7,"d":"3.70"},{"v":14.568000000000001,"d":"R$ 14.57"},{"v":3.7,"d":"3.70"},{"v":14.568000000000001,"d":"R$ 14.57"}]
[" 13151 ","ORSE","3.5.21","Disjuntor monopolar 6 A, padrão DIN (linha branca), curva de disparo C - Rev 01_05/2022",{"v":1,"d":"1.00"},"UN",32.84,40.35,{"$f":"E68*H68","v":40.35},null,null,{"v":1,"d":"1.00"},{"v":40.35,"d":"R$ 40.35"},{"v":1,"d":"1.00"},{"v":40.35,"d":"R$ 40.35"}]
[" 93653 ","SINAPI","3.5.22","DISJUNTOR MONOPOLAR TIPO DIN, CORRENTE NOMINAL DE 10A - FORNECIMENTO E INSTALAÇÃO. AF_10/2020",{"v":1,"d":"1.00"},"UN",10.69,13.13,13.13,null,null,{"v":1,"d":"1.00"},{"v":13.13,"d":"R$ 13.13"},{"v":1,"d":"1.00"},{"v":13.13,"d":"R$ 13.13"}]
[" 93661 ","SINAPI","3.5.23","DISJUNTOR BIPOLAR TIPO DIN, CORRENTE NOMINAL DE 16A - FORNECIMENTO E INSTALAÇÃO. AF_10/2020",{"v":1,"d":"1.00"},"UN",51.65,63.46,63.46,null,null,{"v":1,"d":"1.00"},{"v":63.46,"d":"R$ 63.46"},{"v":1,"d":"1.00"},{"v":63.46,"d":"R$ 63.46"}]
[" 063063 ","SBC","3.5.24","TERMINAL OLHAL DE COBRE PARA CABO 4mm2",{"v":3,"d":"3.00"},"UN",2.68,3.29,{"v":9.870000000000001,"d":"9.87"},null,null,{"v":3,"d":"3.00"},{"v":9.870000000000001,"d":"R$ 9.87"},{"v":3,"d":"3.00"},{"v":9.870000000000001,"d":"R$ 9.87"}]
[" 91845 ","SINAPI","3.5.25","ELETRODUTO FLEXÍVEL CORRUGADO REFORÇADO, PVC, DN 25 MM (3/4\"), PARA CIRCUITOS TERMINAIS, INSTALADO EM LAJE - FORNECIMENTO E INSTALAÇÃO. AF_03/2023",4.45,"M",8.87,10.89,{"v":48.4605,"d":"48.46"},null,null,4.45,{"v":48.4605,"d":"R$ 48.46"},4.45,{"v":48.4605,"d":"R$ 48.46"}]
[" 11749 ","ORSE","3.5.26","Eletroduto metalico flexivel revestido externamente com pvc preto, diametro externo de 25 mm (3/4\"), tipo sealtubo",{"v":2.2,"d":"2.20"},"M",10.72,13.17,{"v":28.974000000000004,"d":"28.97"},null,null,{"v":2.2,"d":"2.20"},{"v":28.974000000000004,"d":"R$ 28.97"},{"v":2.2,"d":"2.20"},{"v":28.974000000000004,"d":"R$ 28.97"}]
[" 4178 ","ORSE","3.5.27","Abraçadeira em aço inox, tipo \"D\", 1\", fornecimento",{"v":3,"d":"3.00"},"UN",{"v":1.3,"d":"1.30"},1.59,{"v":4.7700000000000005,"d":"4.77"},null,null,{"v":3,"d":"3.00"},{"v":4.7700000000000005,"d":"R$ 4.77"},{"v":3,"d":"3.00"},{"v":4.7700000000000005,"d":"R$ 4.77"}]
[" 3837 ","ORSE","3.5.28","Conector borne SAK 6,0mm",{"v":1,"d":"1.00"},"UN",21.46,26.37,26.37,null,null,{"v":1,"d":"1.00"},{"v":26.37,"d":"R$ 26.37"},{"v":1,"d":"1.00"},{"v":26.37,"d":"R$ 26.37"}]
[" 11969 ","ORSE","3.5.29","Luva sem rosca UNIDUT ø=1 \" C- PB",{"v":4,"d":"4.00"},"UN",7.45,9.15,{"v":36.6,"d":"36.60"},null,null,{"v":4,"d":"4.00"},{"v":36.6,"d":"R$ 36.60"},{"v":4,"d":"4.00"},{"v":36.6,"d":"R$ 36.60"}]
[" 058084 ","SBC","3.5.30","CAIXA PASSAGEM 4x2\"\"",{"v":3,"d":"3.00"},"UN",12.01,14.75,44.25,null,null,{"v":3,"d":"3.00"},{"v":44.25,"d":"R$ 44.25"},{"v":3,"d":"3.00"},{"v":44.25,"d":"R$ 44.25"}]
[" 92000 ","SINAPI","3.5.31","TOMADA BAIXA DE EMBUTIR (1 MÓDULO), 2P+T 10 A, INCLUINDO SUPORTE E PLACA - FORNECIMENTO E INSTALAÇÃO. AF_03/2023",{"v":1,"d":"1.00"},"UN",34.01,41.79,41.79,null,null,{"v":1,"d":"1.00"},{"v":41.79,"d":"R$ 41.79"},{"v":1,"d":"1.00"},{"v":41.79,"d":"R$ 41.79"}]
[" 91953 ","SINAPI","3.5.32","INTERRUPTOR SIMPLES (1 MÓDULO), 10A/250V, INCLUINDO SUPORTE E PLACA - FORNECIMENTO E INSTALAÇÃO. AF_03/2023",{"v":1,"d":"1.00"},"UN",32.45,39.87,39.87,null,null,{"v":1,"d":"1.00"},{"v":39.87,"d":"R$ 39.87"},{"v":1,"d":"1.00"},{"v":39.87,"d":"R$ 39.87"}]
[" CP030 ","Próprio","3.5.33","Chave comutadora/seletora com 1 polo e 3 posições para 25 A - Ref. CPOS (40.12.030)",{"v":1,"d":"1.00"},"UN",51.47,63.24,63.24,null,null,{"$f":"E80","v":{"v":1,"d":"1.00"}},{"v":63.24,"d":"R$ 63.24"},{"v":1,"d":"1.00"},{"v":63.24,"d":"R$ 63.24"}]
[" CP031 ","Próprio","3.5.34","BORNE TERMINAL SAK 4 MM2  - Ref. AGETOP CIVIL (070286)",{"v":3,"d":"3.00"},"UN",14.89,18.29,54.87,null,null,{"v":3,"d":"3.00"},{"v":54.87,"d":"R$ 54.87"},{"v":3,"d":"3.00"},{"v":54.87,"d":"R$ 54.87"}]
[" CP032 ","Próprio","3.5.35","Fornecimento de abraçadeira plástica serrilhada 390 mm - Ref. ORSE (3253)",{"v":85,"d":"85.00"},"UN",{"v":3.6,"d":"3.60"},4.42,{"v":375.7,"d":"375.70"},null,null,{"v":85,"d":"85.00"},{"v":375.7,"d":"R$ 375.70"},{"v":85,"d":"85.00"},{"v":375.7,"d":"R$ 375.70"}]
[" CP033 ","Próprio","3.5.36","ELETRODUTO FLEXÍVEL CORRUGADO, PEAD, DN 25 MM, PARA REDE ENTERRADA DE DISTRIBUIÇÃO DE ENERGIA ELÉTRICA - FORNECIMENTO E INSTALAÇÃO. AF_12/2021 Ref. SINAPI (97667)",{"v":10,"d":"10.00"},"M",6.32,7.76,{"v":77.6,"d":"77.60"},null,null,{"v":10,"d":"10.00"},{"v":77.6,"d":"R$ 77.60"},{"v":10,"d":"10.00"},{"v":77.6,"d":"R$ 77.60"}]
[" CP036 ","Próprio","3.5.37","Unidut Cônico com bucha e arruela 3/4” (25 mm) - Ref. SEDOP (171415)",{"v":4,"d":"4.00"},"UN",10.33,12.69,50.76,null,null,{"v":4,"d":"4.00"},{"v":50.76,"d":"R$ 50.76"},{"v":4,"d":"4.00"},{"v":50.76,"d":"R$ 50.76"}]
[" CP034 ","Próprio","3.5.38","Relé bimetálico de sobrecarga para acoplamento direto, faixas de ajuste de 6,3-10 A - Ref. CPOS 40.11.020",{"v":1,"d":"1.00"},"UN",109.23,134.22,134.22,null,null,{"v":1,"d":"1.00"},{"v":134.22,"d":"R$ 134.22"},{"v":1,"d":"1.00"},{"v":134.22,"d":"R$ 134.22"}]
[" CP035 ","Próprio","3.5.39","BORNE TERMINAL SAK 1,5 MM2  - Ref. AGETOP CIVIL (070286)",{"v":2,"d":"2.00"},"UN",12.76,15.67,31.34,null,null,{"v":2,"d":"2.00"},{"v":31.34,"d":"R$ 31.34"},{"v":2,"d":"2.00"},{"v":31.34,"d":"R$ 31.34"}]
[" CP037 ","Próprio","3.5.40","Canaleta plástica perfurada 30 x 30mm, cinza, Hellerman ou similar - Ref. ORSE (11402)",{"v":1.9,"d":"1.90"},"UN",55.75,{"v":68.5,"d":"68.50"},130.15,null,null,{"v":1.9,"d":"1.90"},{"v":130.15,"d":"R$ 130.15"},{"v":1.9,"d":"1.90"},{"v":130.15,"d":"R$ 130.15"}]
[" CP038 ","Próprio","3.5.41","Fornecimento e montagem mecânica de trilho metálico DIN 35mm - Ref. IOPES (152207)",{"v":0.6,"d":"0.60"},"M",37.49,46.06,{"$f":"(E88*H88)-0.01","v":{"v":27.625999999999998,"d":"27.63"}},null,null,{"v":0.6,"d":"0.60"},{"v":27.625999999999998,"d":"R$ 27.63"},{"v":0.6,"d":"0.60"},{"v":27.625999999999998,"d":"R$ 27.63"}]
[" CP039 ","Próprio","3.5.42","Fornecimento e montagem de barramento borne neutro, 6 vias - Ref. IOPES (152228)",{"v":1,"d":"1.00"},"UN",25.08,30.81,{"$f":"E89*H89","v":30.81},null,null,{"v":1,"d":"1.00"},{"v":30.81,"d":"R$ 30.81"},{"v":1,"d":"1.00"},{"v":30.81,"d":"R$ 30.81"}]
[" CP040 ","Próprio","3.5.43","Fornecimento e montagem de barramento borne terra, 6 vias - Ref. IOPES (152228)",{"v":1,"d":"1.00"},"UN",25.08,30.81,30.81,null,null,{"v":1,"d":"1.00"},{"v":30.81,"d":"R$ 30.81"},{"v":1,"d":"1.00"},{"v":30.81,"d":"R$ 30.81"}]
[" CP041 ","Próprio","3.5.44","Fornecimento e Instalação de Botão de Impulso Plástico com Bloco Removível NA Verde - Ref. ORSE (3803)",{"v":1,"d":"1.00"},"UN",44.08,54.16,54.16,null,null,{"v":1,"d":"1.00"},{"v":54.16,"d":"R$ 54.16"},{"v":1,"d":"1.00"},{"v":54.16,"d":"R$ 54.16"}]
[" CP042 ","Próprio","3.5.45","Fornecimento e Instalação de Botão de Impulso Plástico com Bloco Removível NA Vermelho - Ref. ORSE (3803)",{"v":1,"d":"1.00"},"UN",40.75,50.07,50.07,null,null,{"v":1,"d":"1.00"},{"v":50.07,"d":"R$ 50.07"},{"v":1,"d":"1.00"},{"v":50.07,"d":"R$ 50.07"}]
[" CP043 ","Próprio","3.5.46","FORNECIMENTO E INSTALAÇÃO DE TERMINAL DE COMPRESSÃO PRÉ-ISOLADO TIPO OLHAL 2,5mm2 - Ref.SBC (063063)",{"v":3,"d":"3.00"},"UN",2.04,{"v":2.5,"d":"2.50"},{"v":7.5,"d":"7.50"},null,null,{"v":3,"d":"3.00"},{"v":7.5,"d":"R$ 7.50"},{"v":3,"d":"3.00"},{"v":7.5,"d":"R$ 7.50"}]
[" CP044 ","Próprio","3.5.47","FORNECIMENTO E INSTALAÇÃO DE TERMINAL DE COMPRESSÃO PRÉ-ISOLADO TIPO PINO 2,5mm2 - Ref.SBC (063063)",{"v":7,"d":"7.00"},"UN",2.13,2.61,18.27,null,null,{"v":7,"d":"7.00"},{"v":18.27,"d":"R$ 18.27"},{"v":7,"d":"7.00"},{"v":18.27,"d":"R$ 18.27"}]
[" CP045 ","Próprio","3.5.48","Parafuso auto atarraxante cabeça chata 6.35 mm x 25 mm - fornecimento e colocação REF. ORSE (11039)",{"v":4,"d":"4.00"},"UN",{"v":0.6,"d":"0.60"},0.73,2.92,null,null,{"v":4,"d":"4.00"},{"v":2.92,"d":"R$ 2.92"},{"v":4,"d":"4.00"},{"v":2.92,"d":"R$ 2.92"}]
[" CP046 ","Próprio","3.5.49","LUMINÁRIA ARANDELA TIPO TARTARUGA, COM GRADE, DE SOBREPOR, COM 1 LÂMPADA LED DE 15 W, SEM REATOR - FORNECIMENTO E INSTALAÇÃO. AF_02/2020 REF. SINAPI (97608)",{"v":1,"d":"1.00"},"UN",108.92,133.84,133.84,null,null,{"v":1,"d":"1.00"},{"v":133.84,"d":"R$ 133.84"},{"v":1,"d":"1.00"},{"v":133.84,"d":"R$ 133.84"}]
[" CP048 ","Próprio","3.5.50","Disjuntor Bipolar 6 A - FORNECIMENTO E INSTALAÇÃO - Ref. SINAPI (93660)",{"v":1,"d":"1.00"},"UN",32.27,39.65,39.65,null,null,{"v":1,"d":"1.00"},{"v":39.65,"d":"R$ 39.65"},{"v":1,"d":"1.00"},{"v":39.65,"d":"R$ 39.65"}]
[" CP049 ","Próprio","3.5.51","Fornecimento e montagem de barramento pente 12 pólos 63A - Ref. IOPES (152228)",{"v":1,"d":"1.00"},"UN",32.85,40.36,40.36,null,null,{"v":1,"d":"1.00"},{"v":40.36,"d":"R$ 40.36"},{"v":1,"d":"1.00"},{"v":40.36,"d":"R$ 40.36"}]
[" PRQ004 ","Próprio","3.5.52","RELÉ DE NÍVEL COM 3 ELETRODOS CONTATOS DE 10A - 250V - REF. SEINFRA (C4896)",{"v":1,"d":"1.00"},"UN",201.75,247.91,247.91,null,null,{"v":1,"d":"1.00"},{"v":247.91,"d":"R$ 247.91"},{"v":1,"d":"1.00"},{"v":247.91,"d":"R$ 247.91"}]
[" PRQ005 ","Próprio","3.5.53","DISJUNTOR DIFERENCIAL DR-16A - 40A, 30mA - REF. SEINFRA (C4530)",{"v":1,"d":"1.00"},"UN",168.83,207.45,207.45,null,null,{"v":1,"d":"1.00"},{"v":207.45,"d":"R$ 207.45"},{"v":1,"d":"1.00"},{"v":207.45,"d":"R$ 207.45"}]
[null,null,4,"ABRIGO"]
[null,null,"4.1","ESTRUTURA"]
[" PRQ000 ","Próprio","4.1.1","BLOCOS DE APOIO MOLDADOS NO LOCAL EM CONCRETO SIMPLES FCK >= 15 MPA - CONTROLE \"A\" - Ref. COMPESA",0.02,"M²",{"v":1369.86,"d":"1,369.86"},{"v":1683.28,"d":"1,683.28"},{"$f":"(E103*H103)-0.01","v":{"v":33.6556,"d":"33.66"}},null,null,{"$f":"E103","v":0.02},{"$f":"I103","v":{"v":33.6556,"d":"R$ 33.66"}},0.02,{"v":33.6556,"d":"R$ 33.66"}]
[" PRQ002 ","Próprio","4.1.2","EXECUÇÃO DE ESTRUTURAS DE CONCRETO ARMADO, FCK = 25 MPA",1.06,"M²",{"v":3976.9,"d":"3,976.90"},{"v":4886.81,"d":"4,886.81"},{"$f":"(E104*H104)-0.01","v":{"v":5180.0086,"d":"5,180.01"}},null,null,{"$f":"E104","v":1.06},{"v":5180.0086,"d":"R$ 5,180.01"},1.06,{"v":5180.0086,"d":"R$ 5,180.01"}]
[null,null,"4.2","PISO"]
[170205,"SBC","4.2.1","CONTRAPISO EM CONCRETO MAGRO TRACO 1:3:5 5CM",4.05,"M²",57.96,71.22,{"$f":"E106*H106","v":{"v":288.441,"d":"288.44"}},null,null,{"$f":"E106","v":4.05},{"$f":"I106","v":{"v":288.441,"d":"R$ 288.44"}},4.05,{"v":288.441,"d":"R$ 288.44"}]
[null,null,"4.3","ALVENARIA"]
[" 103333 ","SINAPI","4.3.1","ALVENARIA DE VEDAÇÃO DE BLOCOS CERÂMICOS FURADOS NA HORIZONTAL DE 9X14X19 CM (ESPESSURA 9 CM) E ARGAMASSA DE ASSENTAMENTO COM PREPARO MANUAL. AF_12/2021",5.72,"M²",{"v":130.7,"d":"130.70"},{"v":160.6,"d":"160.60"},{"$f":"E108*H108","v":{"v":918.632,"d":"918.63"}},null,null,{"$f":"E108","v":5.72},{"$f":"I108","v":{"v":918.632,"d":"R$ 918.63"}},5.72,{"v":918.632,"d":"R$ 918.63"}]
[" 87878 ","SINAPI","4.3.2","CHAPISCO APLICADO EM ALVENARIAS E ESTRUTURAS DE CONCRETO INTERNAS, COM COLHER DE PEDREIRO.  ARGAMASSA TRAÇO 1:3 COM PREPARO MANUAL. AF_10/2022",{"v":15.8906,"d":"15.89"},"M²",5.96,7.32,{"$f":"(E109*H109)-0.01","v":{"v":116.309192,"d":"116.31"}},null,null,{"$f":"E109","v":{"v":15.8906,"d":"15.89"}},{"v":116.309192,"d":"R$ 116.31"},{"v":15.8906,"d":"15.89"},{"v":116.309192,"d":"R$ 116.31"}]
[" 11396 ","ORSE","4.3.3","Cobogo cimento tipo \"veneziana\", dim: 40 x 40 x 9cm",6.16,"M²",120.67,148.27,{"$f":"E110*H110","v":{"v":913.3432000000001,"d":"913.34"}},null,null,{"$f":"E110","v":6.16},{"v":913.3432000000001,"d":"R$ 913.34"},6.16,{"v":913.3432000000001,"d":"R$ 913.34"}]
[" 104238 ","SINAPI","4.3.4","EMBOÇO OU MASSA ÚNICA EM ARGAMASSA TRAÇO 1:2:8, PREPARO MANUAL, APLICADA MANUALMENTE EM PANOS DE FACHADA SEM PRESENÇA DE VÃOS, ESPESSURA DE 35 MM, ACESSO POR ANDAIME. AF_08/2022",{"v":15.8906,"d":"15.89"},"M²",67.07,82.41,{"$f":"E111*H111","v":{"v":1309.544346,"d":"1,309.54"}},null,null,{"$f":"E111","v":{"v":15.8906,"d":"15.89"}},{"v":1309.544346,"d":"R$ 1,309.54"},{"v":15.8906,"d":"15.89"},{"v":1309.544346,"d":"R$ 1,309.54"}]
[" 053042 ","SBC","4.3.5","ABERTURA E FECHAMENTO DE RASGOS EM ALVENARIA",{"v":1.6,"d":"1.60"},"M",{"v":19.2,"d":"19.20"},23.59,{"$f":"E112*H112","v":{"v":37.744,"d":"37.74"}},null,null,{"$f":"E112","v":{"v":1.6,"d":"1.60"}},{"v":37.744,"d":"R$ 37.74"},{"v":1.6,"d":"1.60"},{"v":37.744,"d":"R$ 37.74"}]
[null,null,"4.4","PINTURA"]
[" 88415 ","SINAPI","4.4.1","APLICAÇÃO MANUAL DE FUNDO SELADOR ACRÍLICO EM PAREDES EXTERNAS DE CASAS. AF_03/2024",{"v":28.8221,"d":"28.82"},"M²",4.35,5.34,{"$f":"E114*H114","v":{"v":153.910014,"d":"153.91"}},null,null,{"$f":"E114","v":{"v":28.8221,"d":"28.82"}},{"$f":"I114","v":{"v":153.910014,"d":"R$ 153.91"}},{"v":28.8221,"d":"28.82"},{"v":153.910014,"d":"R$ 153.91"}]
[" 96135 ","SINAPI","4.4.2","APLICAÇÃO MANUAL DE MASSA ACRÍLICA EM PAREDES EXTERNAS DE CASAS, DUAS DEMÃOS. AF_03/2024",{"v":28.8221,"d":"28.82"},"M²",31.02,38.11,{"$f":"E115*H115","v":{"v":1098.4102309999998,"d":"1,098.41"}},null,null,{"$f":"E115","v":{"v":28.8221,"d":"28.82"}},{"v":1098.4102309999998,"d":"R$ 1,098.41"},{"v":28.8221,"d":"28.82"},{"v":1098.4102309999998,"d":"R$ 1,098.41"}]
[" 88489 ","SINAPI","4.4.3","PINTURA LÁTEX ACRÍLICA PREMIUM, APLICAÇÃO MANUAL EM PAREDES, DUAS DEMÃOS. AF_04/2023",{"v":28.8221,"d":"28.82"},"M²",13.05,16.03,{"$f":"(E116*H116)-0.01","v":{"v":462.008263,"d":"462.01"}},null,null,{"$f":"E116","v":{"v":28.8221,"d":"28.82"}},{"v":462.008263,"d":"R$ 462.01"},{"v":28.8221,"d":"28.82"},{"v":462.008263,"d":"R$ 462.01"}]
[null,null,"4.5","GRADIL METÁLICO"]
[" 9072 ","ORSE","4.5.1","Portão em ferro, em gradil metálico, padrão belgo ou equivalente, de correr",{"v":1.6,"d":"1.60"},"M²",892.26,{"v":1096.4,"d":"1,096.40"},{"$f":"E118*H118","v":{"v":1754.2400000000002,"d":"1,754.24"}},null,null,{"$f":"E118","v":{"v":1.6,"d":"1.60"}},{"$f":"I118","v":{"v":1754.2400000000002,"d":"R$ 1,754.24"}},{"v":1.6,"d":"1.60"},{"v":1754.2400000000002,"d":"R$ 1,754.24"}]
[" 111041 ","SBC","4.5.2","GRADIL EXTERNO C/TUBOS+BARRA CHATA ACO COM PINTURA DUAS FACES",4.34,"M²",464.67,570.98,{"$f":"E119*H119","v":{"v":2478.0532,"d":"2,478.05"}},null,null,{"$f":"E119","v":4.34},{"v":2478.0532,"d":"R$ 2,478.05"},4.34,{"v":2478.0532,"d":"R$ 2,478.05"}]
["Valor Total Contratado",{"$nulls":5},{"$f":"SUBTOTAL(9,I14:I119)","v":{"v":93000.00065176804,"d":"R$ 93,000.00"}},null,null,"Valor Total 1º Aditivo",{"$f":"SUM(K14:K119)","v":{"v":7614.04288,"d":"R$ 7,614.04"}},"Valor Total Consolidado",{"$f":"SUM(M14:M119)","v":{"v":100614.04353176805,"d":"R$ 100,614.04"}},{"$f":"SUM(O14:O119)","v":{"v":100614.04353176805,"d":"R$ 100,614.04"}}]